header

Fundamentals of wireless sensor networks (Record no. 88289)

MARC details
000 -LEADER
fixed length control field 01216nam a2200313Ia 4500
082 04 - DEWEY DECIMAL CLASSIFICATION NUMBER
Classification number 681/.2
100 1# - MAIN ENTRY--AUTHOR NAME
Personal name Dargie, Waltenegus.
245 10 - TITLE STATEMENT
Title Fundamentals of wireless sensor networks
260 ## - PUBLICATION, DISTRIBUTION, ETC. (IMPRINT)
Place of publication Chichester, West Sussex, U.K. ;
-- Hoboken, NJ :
Name of publisher Wiley,
Year of publication 2010.
300 ## - PHYSICAL DESCRIPTION
Number of Pages xviii, 311 p.
500 ## - GENERAL NOTE
General note Includes index.
650 #0 - SUBJECT ADDED ENTRY--TOPICAL TERM
Topical Term Wireless sensor networks.
Topical Term Electronics.
700 1# - ADDED ENTRY--PERSONAL NAME
Personal name Poellabauer, Christian.
856 40 - ELECTRONIC LOCATION AND ACCESS
Uniform Resource Identifier http://site.ebrary.com/lib/rucke/Doc?id=10395571

No items available.

© 2026 Rongo University
Contact us: librarian | system librarian | Rongo university